000
00322nam a2200145Ia 4500
008
230917s9999||||xx |||||||||||||| ||und||
040
_e
138526
_a
MAIN
041
_a
English
082
_a
823.7 M541E
100
_a
Meredith, George
245
0
_a
Egoist
260
_b
F. L. P. H
_c
1962
300
_a
669 p.
942
_c
BK
999
_c
200572
_d
200572